000 01291cam a2200373 i 4500
001 40910
003 Mx-PuUPA
005 20251107083405.0
008 140415s2010 sp gr 000 0 spa d
017 _aM-39.572-2010
020 _a9788498791730
040 _aMx-PuUPA
_bspa
_cMx-PuUPA
_dMx-PuUPA
_erda
041 0 _aspa
100 1 _aRodríguez, Ramón,
_d1925-
_eautor
_916965
245 1 0 _aHermenéutica y subjetividad /
_cRamón Rodríguez
250 _aSegunda edición /
_bampliada y revisada
264 _aMadrid :
_bEditorial Trotta,
_c©2010
300 _a194 páginas ;
_c23 cm
336 _2rdacontent
_atexto
_btxt
337 _2rdamedia
_asin medio
_bn
338 _2rdacarrier
_avolumen
_bnc
490 0 _aColección Estructuras y Procesos
490 0 _aFilosofía
600 1 _aHeidegger, Martin,
_d1889-1976
_xCrítica e interpretación
650 7 _2armarc
_aFilosfía moderna
_ySiglo XX
_913986
650 7 _2armarc
_aHermenéutica
_xHistoria
650 7 _2armarc
_aSubjetividad
_xHistoria
942 _2ddc
_cLI
_h121.686
_iR68
999 _c40910
_d40910